000 00827nam0a22002651 4500
001 RU\NLR\INFOCOMM18\ROSSICA\1000009861
005 20250613193630.0
035 _a(NLR Aleph) 009976912
090 _a9675465
_c9675465
100 _a20030623d1813 |||y0rusy50 ca
101 0 _ager
102 _aRU
105 _ay ||||000ay
200 1 _aNaturhistorische Früchte der ersten kaiserlich-russischen unter dem Kommando des Herrn v. Krusenstern vollbrachten Erdumseeglung
_fTilesius
210 _aSt.Petersburg
_d1813
215 _d
600 1 _aKruzenštern
_bI.F.
_gIvan Fedorovič
_cмореплаватель
_f1770-1846
_2PSBO
700 1 _aTilesius
_4070
801 1 _aRU
_bInfoComm
_c20030623
801 0 _aRU
_bNLR
_gPSBO
852 _aNLR
_j13.6.3.20
942 _cBOOK
980 _aNB
980 _aRossica